| 000 | 00512nam a2200181Ia 4500 | ||
|---|---|---|---|
| 008 | 240925s9999 xx 000 0 und d | ||
| 020 | _a880222867 | ||
| 082 | _a005.756 CHO | ||
| 100 | _aChou, George .Tsu-der | ||
| 245 | 0 | _adBase III Plus Tips, Tricks and Traps | |
| 250 | _aNA | ||
| 260 |
_aNew Delhi: _bQ.U.E Corporation _c,1987. |
||
| 300 |
_axviii,449p. _bNA _fOriginal |
||
| 500 | _aIncludes Index | ||
| 600 | _aComputer Science | ||
| 650 | _aComputer science, information & general works | ||
| 942 | _cBK | ||
| 999 |
_c2635 _d2635 |
||